Cómo emplear la enseñanza programada en el aula
Збережено в:
| Автор: | |
|---|---|
| Формат: | Книга |
| Мова: | Іспанська |
| Опубліковано: |
Ciudad de México
CRAT
1972
Ciudad de México Agencia para el Desarrollo Internacional 1972 |
| Предмети: | |
| Теги: |
Додати тег
Немає тегів, Будьте першим, хто поставить тег для цього запису!
|
MARC
| LEADER | 00000nam a2200000 a 4500 | ||
|---|---|---|---|
| 001 | UCU0086 | ||
| 003 | CL-VaPUC | ||
| 008 | 960315e19720000MX |||||||||||||||||spa|d | ||
| 082 | 0 | 4 | |a 371.394 |b SIL |2 21 |
| 100 | 0 | |a Silverman, Robert E |e author |9 355071 | |
| 245 | 1 | 0 | |a Cómo emplear la enseñanza programada en el aula |
| 300 | |a 48 p | ||
| 942 | |c BK | ||
| 945 | |d 19960315 00:00:00 |a lriquelm | ||
| 260 | |a Ciudad de México |b CRAT |c 1972 | ||
| 260 | |a Ciudad de México |b Agencia para el Desarrollo Internacional |c 1972 | ||
| 650 | 7 | |a ENSEÑANZA PROGRAMADA |2 CL-VaPUC |9 263217 | |
| 650 | 0 | |a Métodos de enseñanza |9 270413 | |
| 650 | 7 | |a AYUDAS PARA LA ENSEÑANZA |2 CL-VaPUC |9 339750 | |
| 650 | 7 | |a MATERIAL Y EQUIPO DIDACTICOS |2 CL-VaPUC |9 309109 | |
| 583 | |a last modification |c 20130320 09:09:17 |k Rodrigo Vera | ||
| 999 | |c 245033 |d 245031 | ||
| 952 | |0 0 |1 0 |4 0 |6 371_394000000000000_SIL_1972_1972 |7 0 |8 P |9 259369 |a BIBEDU |b BIBEDU |c BIBEDU_PB |d 2019-11-19 |i 1631365 |o 371.394 SIL 1972 1972 |p 1631365 |r 2024-01-25 |w 2019-11-19 |y BK |k EDU | ||
| 952 | |0 0 |1 0 |4 0 |6 371_394000000000000_SIL_1972_1972 |7 0 |8 P |9 259370 |a BIBEDU |b BIBEDU |c BIBEDU_PB |d 2019-11-19 |i 163142K |o 371.394 SIL 1972 1972 |p 163142K |r 2024-01-25 |w 2019-11-19 |y BK |k EDU | ||